Gaming Quiz

Random Gaming or Chinese Quiz

LoL Champions Name (Chinese) Quiz Stats

 Plays Quiz not verified by Sporcle

Challenge
Share
Tweet
Embed
Score 0/121 Timer 12:00
0 Plays Today
Hint Answer % Correct
阿木木Amumu
57.7%
加里奥Galio
50%
盖伦Garen
50%
辛德拉Syndra
50%
阿利斯塔Alistar
46.2%
戴安娜Diana
46.2%
蒙多医生Dr. Mundo
46.2%
杰斯Jayce
46.2%
金克丝Jinx
46.2%
凯南Kennen
46.2%
璐璐Lulu
46.2%
亚索Yasuo
46.2%
阿卡丽Akali
42.3%
卡西奥佩娅Cassiopeia
42.3%
嘉文四世Jarvan IV
42.3%
卡萨丁Kassadin
42.3%
李青Lee Sin
42.3%
丽桑卓Lissandra
42.3%
奥拉夫Olaf
42.3%
波比Poppy
42.3%
Shen
42.3%
索拉卡Soraka
42.3%
斯维因Swain
42.3%
塔里克Taric
42.3%
薇恩Vayne
42.3%
孙悟空Wukong
42.3%
赵信Xin Zhao
42.3%
阿狸Ahri
38.5%
布兰德Brand
38.5%
德莱文Draven
38.5%
伊莉丝Elise
38.5%
伊茉琳Evelynn
38.5%
普朗克Gangplank
38.5%
古拉加斯Gragas
38.5%
艾瑞莉娅Irelia
38.5%
蕾欧娜Leona
38.5%
莫德凯撒Mordekaiser
38.5%
努努Nunu
38.5%
奥莉安娜Orianna
38.5%
拉莫斯Rammus
38.5%
雷克顿Renekton
38.5%
Hint Answer % Correct
韦鲁斯Varus
38.5%
维迦Veigar
38.5%
约里克Yorick
38.5%
扎克Zac
38.5%
阿兹尔Azir
34.6%
凯特琳Caitlyn
34.6%
伊泽瑞尔Ezreal
34.6%
菲兹Fizz
34.6%
赫卡里姆Hecarim
34.6%
迦娜Janna
34.6%
卡尔玛Karma
34.6%
玛尔扎哈Malzahar
34.6%
茂凯Maokai
34.6%
厄运小姐Miss Fortune
34.6%
莫甘娜Morgana
34.6%
锐雯Riven
34.6%
希瓦娜Shyvana
34.6%
斯卡纳Skarner
34.6%
泰隆Talon
34.6%
崔丝塔娜Tristana
34.6%
乌迪尔Udyr
34.6%
Zed
34.6%
吉格斯Ziggs
34.6%
沃利贝尔Volibear
34.6%
安妮Annie
30.8%
艾希Ashe
30.8%
布隆Braum
30.8%
库奇Corki
30.8%
菲奥娜Fiora
30.8%
格雷福斯Graves
30.8%
贾克斯Jax
30.8%
卡特琳娜Katarina
30.8%
凯尔Kayle
30.8%
卡兹克Kha'Zix
30.8%
卢锡安Lucian
30.8%
拉克丝Lux
30.8%
娜米Nami
30.8%
潘森Pantheon
30.8%
辛吉德Singed
30.8%
提莫Teemo
30.8%
特郎德尔Trundle
30.8%
Hint Answer % Correct
泰达米尔Tryndamere
30.8%
泽拉斯Xerath
30.8%
艾尼维亚Anivia
26.9%
布里茨Blitzcrank
26.9%
纳尔Gnar
26.9%
黑默丁格Heimerdinger
26.9%
卡尔萨斯Karthus
26.9%
内瑟斯Nasus
26.9%
奈德丽Nidalee
26.9%
雷恩加尔Rengar
26.9%
兰博Rumble
26.9%
瑞兹Ryze
26.9%
塞恩Sion
26.9%
娑娜Sona
26.9%
Vi
26.9%
维克托Viktor
26.9%
基兰Zilean
26.9%
德莱厄斯Darius
23.1%
克格莫Kog'Maw
23.1%
Yi
23.1%
诺提勒斯Nautilus
23.1%
奎因Quinn
23.1%
瑟庄妮Sejuani
23.1%
崔斯特Twisted Fate
23.1%
图奇Twitch
23.1%
厄加特Urgot
23.1%
弗拉基米尔Vladimir
23.1%
婕拉Zyra
23.1%
亚托克斯Aatrox
19.2%
科加斯Cho'Gath
19.2%
乐芙兰LeBlanc
19.2%
墨菲特Malphite
19.2%
魔腾Nocturne
19.2%
沃里克Warwick
19.2%
费德提克Fiddlesticks
15.4%
锤石Thresh
15.4%
维克兹Vel'Koz
15.4%
萨科Shaco
11.5%
希维尔Sivir
11.5%

You're not logged in!

Compare scores with friends on all Sporcle quizzes.
Join for Free
OR
Log In

You Might Also Like...

Show Comments

Extras

Top Quizzes Today


Score Distribution

Your Account Isn't Verified!

In order to create a playlist on Sporcle, you need to verify the email address you used during registration. Go to your Sporcle Settings to finish the process.

Report this User

Report this user for behavior that violates our Community Guidelines.

Details: